Countries' Names - Uncommon Letters - Statistics

General Stats
  • This quiz has been taken 40 times
    27 since last reset
  • The average score is 11 of 20
Answer Stats
% Correct
Qatar Countries including the letter "q"
95%
Fiji Countries including the letter "f"
86%
Fiji Countries including the letter "j"
86%
France Countries including the letter "f"
81%
Finland Countries including the letter "f"
76%
Jamaica Countries including the letter "j"
76%
Japan Countries including the letter "j"
71%
Jordan Countries including the letter "j"
71%
Mexico Countries including the letter "x"
62%
Iraq Countries including the letter "q"
52%
Mozambique Countries including the letter "q"
52%
Djibouti Countries including the letter "j"
48%
Luxembourg Countries including the letter "x"
48%
Azerbaijan Countries including the letter "j"
43%
Afghanistan Countries including the letter "f"
38%
Tajikistan Countries including the letter "j"
38%
Burkina Faso Countries including the letter "f"
29%
Equatorial Guinea Countries including the letter "q"
24%
Central African Republic Countries including the letter "f"
10%
South Africa Countries including the letter "f"
10%
No matching quizzes found
Score Distribution
Percent of People with Each Score
Percentile by Number Answered
Your Score History
You have not taken this quiz since the last reset